[Event "MPL 47th National Women Chess-ch 2022"]
[Site "Odisha"]
[Date "2022.02.27"]
[Round "5.9"]
[White "Savitha Shri B"]
[Black "Bristy Mukherjee"]
[Result "1/2-1/2"]
[WhiteElo "2257"]
[BlackElo "1856"]
[Annotator "TA"]
[PlyCount "69"]
[EventDate "2022.02.25"]
[EventCountry "IND"]
[SourceTitle "playchess.com"]
[Source "ChessBase"]
[SourceQuality "1"]

{[%evp 9,69,53,40,44,60,68,64,68,78,66,81,81,86,73,102,95,106,96,91,102,100,95,125,97,129,73,71,69,98,63,76,76,153,139,140,158,147,139,207,120,130,140,150,129,128,78,92,0,0,-128,-118,-176,-185,-178,-112,-119,-75,-147,-140,-140,-140,-126]} 1. e4 g6 2. d4 Bg7 3. Nf3 c5 4. dxc5 Qa5+ 5. c3 Qxc5 6. Na3 {[%cal Bb1a3,Ba3b5,Bb5c7][%mdl 32] B27: Sicilian: 2 Nf3, unusual Black 2nd moves.} Nf6 7. Nb5 O-O {has lost popularity (7...b6).} 8. Be3 {White is slightly better.} Qc6 9. Nfd4 {White is much more active.} Qxe4 10. Nc7 b6 {[%cal Of6d5]} 11. Qf3 $36 {[%mdl 2048] Black is under strong pressure.} Bb7 {[#]} 12. Qxe4 $146 ({Predecessor:} 12. Nxa8 Bxa8 13. Qxe4 Bxe4 14. f3 Bb7 15. a4 Nc6 16. Nxc6 dxc6 17. Bc4 Ra8 18. O-O {1-0 (35) Gadzinskiy,Y-Caron,S ICCF email 2016}) 12... Nxe4 13. Nxa8 Bxa8 14. f3 Nc5 15. Be2 Nc6 16. Kf2 f5 17. Nxc6 (17. Nb5 $142) 17... Bxc6 $16 18. Rhd1 d5 19. Kg1 e5 20. f4 Re8 (20... exf4 $142 21. Bxf4 Re8) 21. Bxc5 bxc5 22. fxe5 Rxe5 {[#]} 23. Bf3 Re4 (23... Kf7 $16 {is a better defense.} 24. Rab1 g5) 24. Rd2 (24. Bxe4 $18 fxe4 25. Kf2) 24... Kf7 25. Rad1 Ke6 26. Rd3 Be5 27. Kh1 ({White should play} 27. Kf2) 27... h5 28. b3 (28. g3 $16) 28... g5 $11 29. c4 (29. R3d2 $11 {remains equal.}) 29... d4 $17 {[#] Strongly threatening ...g4.} 30. Bxh5 (30. g3 $17) 30... Rh4 $19 {[%csl LRh2,LRh5]} 31. Bf3 Be4 ({Black should try} 31... Rxh2+ $19 32. Kg1 Be4) 32. g3 $17 Rh7 ({Better is} 32... Rh8 33. Kg1 Bxd3 34. Rxd3 Kf6) 33. Bg2 (33. Kg1 $142) 33... Bxd3 {A strong pair of Bishops.} 34. Bd5+ Kf6 35. Rxd3 {Weighted Error Value: White=0.27 (precise) /Black=0.17 (very precise)} 1/2-1/2

[Event "MPL 47th National Women Chess-ch 2022"]
[Site "Odisha"]
[Date "2022.02.27"]
[Round "5.10"]
[White "Bala Kannamma P"]
[Black "Sharma Isha"]
[Result "0-1"]
[WhiteElo "2120"]
[BlackElo "2253"]
[Annotator "TA"]
[PlyCount "74"]
[EventDate "2022.02.25"]
[EventCountry "IND"]
[SourceTitle "playchess.com"]
[Source "ChessBase"]
[SourceQuality "1"]

{[%evp 24,74,14,16,20,18,16,-5,44,20,41,50,45,55,53,49,96,27,32,24,77,87,82,23,1,-59,-51,-35,-49,-72,-66,-83,-63,-157,-95,-104,-96,-209,-209,-195,-195,-416,-413,-418,-432,-656,-651,-650,-658,-649,-641,-1171,-1136]} 1. e4 e5 2. Nf3 Nc6 3. Bb5 a6 4. Ba4 Nf6 5. O-O Be7 6. Re1 b5 7. Bb3 d6 8. c3 O-O 9. h3 Nb8 10. d4 Nbd7 11. Nbd2 {[%cal Bb1d2,Bd2f1,Bf1g3][%mdl 32]} Bb7 12. Bc2 c5 13. d5 {The main line 13.d5 scores better than 13.Nf1.} c4 {C95: Closed Ruy Lopez: Breyer Variation with 10 d4.} 14. Nf1 Qc7 15. g4 Rfb8 (15... a5 $11) 16. Ng3 $14 g6 {[#]} 17. g5 $146 ({Predecessor:} 17. Bh6 a5 18. Qd2 b4 19. Kh1 Ba6 20. Nf5 Bd8 21. Rg1 bxc3 22. bxc3 Rb2 23. Qc1 {0-1 (37) Martic,I (2367)-Markoja,B (2415) Belgrade 2017}) 17... Ne8 18. Nh2 Qd8 19. h4 f6 (19... Bf8 $14) 20. gxf6 (20. Ng4 $16) 20... Nexf6 21. h5 Bc8 (21... Nxh5 $11 22. Nxh5 gxh5) 22. hxg6 hxg6 23. Qd2 (23. Ng4 $16) 23... Qf8 $11 24. b3 (24. Kh1 $11) 24... cxb3 25. axb3 Nh7 26. Bd1 Bg5 27. Qc2 Bf4 28. Bg4 ({White should play} 28. Nf3 $15) 28... Nc5 (28... Ng5 $142 {aiming for ...Nc5.} 29. b4 Nb6) 29. b4 $17 {[#]} Na4 30. c4 (30. Kg2 $17 {was worth a try.}) 30... Bxg4 $19 31. Nxg4 Ng5 32. Ra3 {[#] To avoid Nf3+} (32. Kf1) 32... Rc8 $1 {[%cal Bb8c8,Bc8c4,Bc4c2][%mdl 32]} 33. Qe2 Rxc4 34. Bd2 (34. Bxf4 $142 Qxf4 35. Nh6+ Kh7 36. Kg2 Kxh6 37. Rxa4) 34... Rc2 ({Don't go for} 34... Bxd2 $2 35. Qxd2 Qf4 36. Qxf4 exf4 37. Ne2 $19) 35. Nf1 Bxd2 36. Nxd2 Qf4 37. Rd1 Nc3 {Weighted Error Value: White=0.54/Black=0.10 (very precise)} 0-1

[Event "MPL 47th National Women Chess-ch 2022"]
[Site "Odisha"]
[Date "2022.02.27"]
[Round "5.11"]
[White "Priyanka, Kumari"]
[Black "Michelle Catherina, P."]
[Result "1-0"]
[WhiteElo "1910"]
[BlackElo "2176"]
[Annotator "TA"]
[PlyCount "81"]
[EventDate "2022.02.25"]
[EventCountry "IND"]
[SourceTitle "playchess.com"]
[Source "ChessBase"]
[SourceQuality "1"]

{[%evp 18,81,-4,-10,0,3,0,0,0,-18,18,19,30,20,17,6,8,-38,-28,-46,0,0,0,0,25,15,17,14,27,17,43,32,47,45,62,31,60,41,102,103,89,27,70,0,93,40,81,74,108,77,129,129,128,125,145,38,32,34,12,30,22,17,106,37,480,474]} 1. e4 e5 2. Nf3 {[%cal Bg1f3,Bf3g5,Bg5h3][%mdl 32]} Nc6 3. Bc4 Nf6 4. Ng5 d5 5. exd5 Na5 6. Bb5+ c6 7. dxc6 bxc6 8. Be2 h6 9. Nh3 $1 {[%mdl 4] is currently scoring better than 9.Nf3.} Bd6 10. d3 Rb8 {C59: Two Knights: 4 Ng5 d5 5 exd5 Na5 5 Bb5+ c6 6 dxc6 bxc6 7 Be2.} 11. Nd2 O-O 12. O-O Nd5 {[#] The position is equal.} 13. c4 $146 ({Predecessor:} 13. Ne4 Be7 14. c4 Bxh3 15. gxh3 Nf4 16. Bxf4 exf4 17. b3 f5 18. Nc3 Qd4 19. Qc2 {1-0 (40) Sabotic,A-Nedev,G (2340) Brno 1994}) 13... Bxh3 14. cxd5 Bf5 15. dxc6 Nxc6 16. Bf3 Qd7 17. Ne4 (17. Be4 $11 {is more appropriate.}) 17... Be7 $15 {[%mdl 1024] Black has compensation.} 18. b3 Nd4 (18... Nb4 $15) 19. Bb2 $11 Rbd8 20. Rc1 f6 21. Bxd4 Qxd4 22. Rc7 Rf7 23. Qc2 a5 24. Be2 Bg6 25. Rc4 Qd5 26. Rc1 Bf8 27. h4 {[%cal Bh2h4,Bh4h5][%mdl 32]} Rfd7 (27... Bb4 $14) 28. h5 $16 Bf5 {[#]} 29. Ra4 {Inhibits Ba3.} (29. Nc5 $1 $16 {[%cal Rc5d7]}) 29... Be6 (29... Bb4 $11) 30. Rc4 (30. Nc5 $14) 30... Qa8 (30... Bf5 $1 $11 {remains equal.}) 31. Rc8 ({Better is} 31. Nc5 $16 Bxc4 32. Nxd7 (32. Qxc4+ Rf7 $16)) 31... Qd5 (31... Rxc8 $14 32. Qxc8 Qxc8 33. Rxc8 Ra7) 32. Rc6 {Threatens to win with Bf3.} f5 33. Ng3 {And now Bf3 would win. White is more active.} Rd6 ({Black should play} 33... Bd6) 34. Rc5 Qd4 35. Rxa5 Rc8 36. Rc5 (36. Qxc8 $16 Bxc8 37. Rxc8) 36... Rdd8 $14 37. Rxc8 Rxc8 38. Qb1 Bc5 39. Nh1 Qf4 (39... Rd8 $11) 40. Rc2 (40. d4 $1 $16 {[%cal Rd4c5]} Bxd4 41. Rxc8+ Bxc8 42. Qc2) 40... Bd5 $2 {[%mdl 8192] [#]} (40... Kf8 $14) 41. b4 $1 {Weighted Error Value: White=0.18 (very precise) /Black=0.50} 1-0

[Event "MPL 47th National Women Chess-ch 2022"]
[Site "Odisha"]
[Date "2022.02.27"]
[Round "5.12"]
[White "Jyothsna L"]
[Black "Parnali, S Dharia"]
[Result "1/2-1/2"]
[WhiteElo "2052"]
[BlackElo "2224"]
[Annotator "TA"]
[PlyCount "61"]
[EventDate "2022.02.25"]
[EventCountry "IND"]
[SourceTitle "playchess.com"]
[Source "ChessBase"]
[SourceQuality "1"]

{[%evp 11,61,11,15,8,19,17,18,19,14,20,26,25,35,25,75,0,25,31,24,0,42,0,191,28,22,0,188,0,47,0,193,0,39,-6,187,14,50,12,12,11,15,13,15,7,20,26,22,3,20,12,18,0]} 1. d4 d5 2. c4 e6 3. cxd5 exd5 4. Nc3 Nf6 5. Bg5 c6 6. Qc2 h6 7. Bh4 {D36: Queen's Gambit Declined: Exchange Variation: Main line (5 Bg5 c6 6 Qc2).} g6 8. e3 Bf5 9. Bd3 Bxd3 10. Qxd3 Nbd7 11. Nge2 {[#]} Bb4 $146 ({Predecessor:} 11... Bg7 12. f3 O-O 13. O-O Re8 14. Rae1 b5 15. Kh1 b4 16. Na4 Qa5 17. b3 c5 18. Bxf6 {1-0 (33) Mamedyarov,S (2767)-Asadli,V (2579) Baku 2021}) 12. O-O Qe7 (12... O-O $11 {remains equal.}) 13. Rac1 ({Better is} 13. f3 $16) 13... g5 14. Bg3 h5 15. Qf5 Rg8 (15... h4 $11 {deserves consideration.} 16. Bc7 Rc8) 16. h3 (16. h4 $1 $14 {is superior.}) 16... Rh8 $2 {[#]} (16... h4 $11 {and Black is okay.} 17. Bc7 Bd6 18. Bxd6 Qxd6) 17. Qd3 $2 (17. Qxg5 $18 a6 18. a3 Bxc3 19. Nxc3) 17... Rg8 $11 18. Qf5 Rh8 $2 (18... h4 $11 19. Bc7 Bd6 20. Bxd6 Qxd6) 19. Qd3 ({White must play} 19. Qxg5 $18 a6 20. a3 Bxc3 21. Nxc3) 19... Rg8 $1 $14 20. Qf5 (20. Bh2 $14) 20... Rh8 $2 {[#]} (20... h4 $11 {and Black has nothing to worry.} 21. Bc7 Bd6 22. Bxd6 Qxd6) 21. Qd3 $2 (21. Qxg5 $18 {Bh4 is the strong threat.} a6 22. Bh4) 21... Rg8 22. Qf5 (22. Bh2 $14 {should be considered.}) 22... Rh8 $2 (22... h4 $11 23. Bc7 Bd6 24. Bxd6 Qxd6) 23. Rfd1 $2 (23. Qxg5 $18 {Black must now prevent Bh4.} a6 24. Bh4) 23... Rg8 24. a3 (24. h4 {is interesting.} gxh4 25. Bxh4 Qe6 26. Qxe6+ fxe6 27. Nf4) 24... Bxc3 25. Nxc3 Qe6 26. Qxe6+ fxe6 27. h4 Kf7 28. hxg5 Rxg5 29. Bh4 {The position is equal.} (29. Bf4 $5 {[%cal Rf4g5]} Rg6 30. f3 $11) 29... Rg6 30. g3 Ne8 31. Ne2 {Weighted Error Value: White=0.59/Black=0.57} 1/2-1/2

[Event "MPL 47th National Women Chess-ch 2022"]
[Site "Odisha"]
[Date "2022.02.27"]
[Round "5.13"]
[White "Velpula Sarayu"]
[Black "Sahithi Varshini M"]
[Result "1-0"]
[WhiteElo "1875"]
[BlackElo "2238"]
[Annotator "TA"]
[PlyCount "65"]
[EventDate "2022.02.25"]
[EventCountry "IND"]
[SourceTitle "playchess.com"]
[Source "ChessBase"]
[SourceQuality "1"]

{[%evp 9,65,0,0,0,0,0,10,0,0,-10,25,20,66,43,38,27,110,97,95,119,119,134,158,138,121,110,65,104,160,105,125,105,237,142,613,591,796,553,742,752,832,787,1597,1586,1581,1510,29979,29979,29990,29991,29991,29992,29993,29992,29994,29995,29995,29996]} 1. e4 c5 2. Nc3 d6 3. d4 cxd4 4. Qxd4 Nc6 5. Qd2 Nf6 6. b3 {B23: Closed Sicilian: Lines without g3.} e6 7. Bb2 Be7 {7...d5 injects fresh life into this line.} 8. O-O-O {The position is equal.} a6 9. f4 O-O 10. g4 {[%cal Bg2g4,Bg4g5][%mdl 32]} b5 (10... Nxg4 $11 11. Nf3 Nf6) 11. g5 $14 Nd7 {[#]} 12. Nge2 $146 ({Predecessor:} 12. Nf3 Bb7 13. Bd3 Rc8 14. Kb1 Nb4 15. Rhe1 Nxd3 16. Qxd3 Qc7 17. a3 Rfd8 18. f5 {1-0 (57) Ibarra Jerez,J (2561)-Karjakin,S (2752) Chess.com INT 2020}) 12... Bb7 (12... b4 $11) 13. Ng3 $1 $16 Re8 14. Kb1 Bf8 {[#]} 15. h4 $1 b4 16. Na4 Nc5 17. Rg1 Nxa4 (17... d5 $16) 18. bxa4 $14 Qa5 (18... d5 $142) 19. Nh5 (19. h5 $142) 19... d5 20. Qg2 {[%cal Oh5f6] Strongly threatening Nf6+! White is more active.} ({Much weaker is} 20. exd5 $6 Qxd5 21. Bd3 Qf3 $14) 20... Red8 {[#]} (20... Kh8 $16) 21. Bd3 (21. Nf6+ $1 $18 Kh8 22. Nxh7 (22. exd5 gxf6 23. Bc4 exd5 $16) 22... dxe4 23. Rxd8 Rxd8 24. Nxf8 Rd1+ 25. Bc1) 21... Ne7 $2 {[%mdl 8192] A mistake that costs the game.} (21... Kh8 $16) 22. e5 (22. exd5 $2 Bxd5 23. Qe2 Ng6 $17) 22... Nf5 23. Qg4 Bc5 24. Bxf5 exf5 25. Qxf5 {aiming for e6.} Bxg1 26. e6 Qc7 27. Bxg7 {White threatens Nf6+ and mate.} Rac8 28. e7 {White mates.} Rd6 29. Nf6+ Rxf6 30. gxf6 Be3 31. Bf8 Kh8 32. e8=Q {[%mdl 64] Discovered Attack} Rxe8 {[#]} 33. Qg5 $1 {Weighted Error Value: White=0.21 (precise) /Black=0.73} 1-0

[Event "MPL 47th National Women Chess-ch 2022"]
[Site "Odisha"]
[Date "2022.02.27"]
[Round "5.14"]
[White "Salonika, Saina"]
[Black "Lakshmi C"]
[Result "1-0"]
[WhiteElo "2206"]
[BlackElo "1968"]
[Annotator "TA"]
[PlyCount "115"]
[EventDate "2022.02.25"]
[EventCountry "IND"]
[SourceTitle "playchess.com"]
[Source "ChessBase"]
[SourceQuality "1"]

{[%evp 25,115,-7,-14,-12,0,14,8,0,0,-4,8,-47,-45,-39,63,54,87,92,86,68,78,61,87,70,65,56,63,52,91,32,37,25,99,76,72,57,74,72,97,58,81,75,131,135,200,190,333,336,359,355,427,426,412,419,382,371,413,404,625,625,743,750,29984,812,771,769,745,733,691,677,659,653,792,770,928,925,1051,1049,1552,1605,29980,29981,29981,29982,29982,29983,29983,29984,29984,29985,29985,29986]} 1. e4 e5 2. Nf3 Nc6 3. Bb5 {[%cal Bf1b5,Bb5a4,Ba4b3][%mdl 32]} a6 4. Ba4 d6 5. d4 b5 6. Bb3 Nxd4 7. Nxd4 exd4 8. Bd5 Rb8 9. Bc6+ Bd7 10. Bxd7+ Qxd7 11. Qxd4 Nf6 12. O-O Be7 13. Nc3 O-O 14. a3 {[#] C71: Ruy Lopez: Deferred Steinitz Variation, sidelines.} Ng4 $146 ({Predecessor:} 14... Rfe8 15. Re1 a5 16. Qd3 b4 17. axb4 axb4 18. Ne2 Bf8 19. Ng3 d5 20. Bd2 {½-½ (20) Grigoryan,K (2568)-Predojevic,B (2614) Ruma 2017}) 15. Nd5 Bd8 16. h3 {The position is equal.} Nf6 17. Nc3 Qe6 18. b3 (18. Bf4 $11) 18... c5 $15 19. Qd3 Nd7 ({Black should play} 19... c4 $15 20. Qf3 cxb3 21. cxb3 Qxb3) 20. Bf4 $14 Rb6 21. Rad1 {[%cal Rf4d6]} Ne5 22. Bxe5 Qxe5 23. f4 Qe8 24. Rfe1 Rc6 25. Nd5 c4 26. Qd4 Qe6 27. Kh1 (27. b4 $16) 27... Bh4 28. Re2 a5 (28... cxb3 $11 {remains equal.} 29. cxb3 Rfc8) 29. Kh2 h6 30. g3 Bd8 31. b4 {White is much more active. Black has bad knights.} Kh8 32. Nc3 {[%cal Bd5c3,Bc3b5,Bb5d6,Bd6f7][%mdl 32]} axb4 33. axb4 {Black is now going downhill.} Rb6 (33... Bf6 $142 34. Qd5 Qxd5 35. Nxd5 Ra8) 34. Qd5 $36 {[%mdl 2048] Keeping Black busy.} Bf6 (34... Qxd5 $16 {might work better.} 35. Rxd5 Be7 36. Nxb5 (36. Rxb5 Rxb5 37. Nxb5 Rb8 $16) 36... c3 37. Nxc3 Rxb4) 35. Nxb5 $18 Rfb8 (35... Rd8 $142 36. Qxe6 fxe6) 36. Nxd6 Qxd5 37. Rxd5 Rxb4 38. e5 Be7 39. Nxf7+ Kg8 40. Nd6 Ra8 41. Nf5 Bf8 (41... Kf8 $142 42. Rd7 Re8) 42. e6 g6 {[#]} 43. e7 $1 {White threatens Rd8 and mate.} gxf5 (43... Rbb8 44. exf8=Q+) 44. e8=Q (44. Rd8 $142 Rxd8 45. exd8=Q Rb7 46. Re6 Kg7 47. Qf6+ Kg8 48. Qg6+ Rg7 49. Qe8) 44... Rxe8 45. Rxe8 {[%mdl 4096] Endgame KRR-KRB} Kf7 46. Rc8 Be7 47. Rd4 h5 48. Rcxc4 Rb1 49. Rd5 h4 50. Rxf5+ Kg6 51. g4 {Rc6+ would kill now.} Rd1 52. Rc6+ Kg7 53. Rc7 {White mates.} Rd2+ 54. Kh1 Re2 55. Re5 Rxe5 56. fxe5 Kf8 {[#]} 57. Rxe7 $1 Kxe7 58. g5 {Weighted Error Value: White=0.13 (very precise) /Black=0.58} 1-0

[Event "MPL 47th National Women Chess-ch 2022"]
[Site "Odisha"]
[Date "2022.02.28"]
[Round "6.1"]
[White "Divya Deshmukh"]
[Black "Chitlange Sakshi"]
[Result "1-0"]
[WhiteElo "2301"]
[BlackElo "2205"]
[Annotator "TA"]
[PlyCount "91"]
[EventDate "2022.02.25"]
[EventCountry "IND"]
[SourceTitle "playchess.com"]
[Source "ChessBase"]
[SourceQuality "1"]

{[%evp 9,91,-28,-25,-59,-51,-83,0,-6,0,-14,17,19,50,7,13,22,21,21,11,0,2,-12,0,-83,19,13,12,0,14,14,12,12,36,21,37,23,58,55,62,60,200,66,62,56,60,36,28,22,106,105,191,119,121,108,101,103,108,101,108,108,359,359,752,658,640,605,1048,1050,536,522,877,753,5189,4133,1712,1504,29966,29964,29974,29974,29974,29975,29966,29963]} 1. e4 c6 2. d4 d5 3. e5 Bf5 4. h4 h5 5. Bg5 Qb6 6. Bd3 {B12: Caro-Kann: Advance Variation.} Bxd3 7. Qxd3 {[%cal Oe5e6]} e6 (7... Qxb2 $17 8. Qc3 Qxc3+ 9. Nxc3 e6) 8. Nd2 $11 {Active counter play! The position is equal.} c5 9. c4 Nc6 10. Ngf3 Nge7 {[%cal Rc5d4] [#]} 11. Rd1 $146 (11. dxc5 $14 Qxc5 12. O-O) ({Predecessor:} 11. dxc5 Qxc5 12. O-O Ng6 13. Qb3 Be7 14. Qxb7 Bxg5 15. Qxa8+ Bd8 16. Nb3 Qb6 17. cxd5 exd5 {1-0 (23) Khusnutdinov,R (2484)-Kashlinskaya,A (2494) Chess.com INT 2021}) 11... Nf5 {[%cal Rc5d4]} (11... Qxb2 12. cxd5 Nxd5 13. Rb1 Qxa2 14. Rxb7 $15) 12. cxd5 Nb4 13. Qb3 {aiming for Qa4+.} Nxd5 14. Qa4+ Qc6 15. Qxc6+ bxc6 16. dxc5 (16. Nc4 $11 {remains equal.}) 16... Bxc5 (16... f6 $1 $17 {[%cal Rf6g5]} 17. Be3 (17. exf6 gxf6 18. O-O fxg5 $17) 17... Nfxe3 18. fxe3 Nxe3) 17. Rc1 Bb6 18. Nc4 (18. Rxc6 f6 19. exf6 (19. Rxe6+ $2 Kd7 $19) 19... gxf6 $15) 18... Kd7 19. Ke2 Rhb8 20. Rhd1 Rb7 21. Bd2 ({Much weaker is} 21. Nxb6+ axb6 22. a3 c5 $15) 21... Ke7 22. b3 Rc7 23. Nd6 a5 24. Rc4 Nb4 (24... Rd8 $14) 25. a3 (25. g4 $1 $18 {[%cal Rg4f5]} hxg4 26. Rxg4) 25... Nd5 $14 26. Nxf5+ exf5 27. Rdc1 c5 28. Ne1 {[%cal Bf3e1,Be1d3,Bd3c5][%mdl 32]} Ke6 (28... a4 $11) 29. Nd3 $16 {[%cal Rd3c5]} a4 {[#]} (29... Rac8 $16) 30. bxa4 (30. Rxa4 Rxa4 31. bxa4 c4 $14) (30. b4 $1 $18) 30... Rca7 31. Rb1 (31. Nxc5+ Bxc5 32. Rxc5 Rxa4 $11) 31... Rxa4 32. Rxa4 ({Resist} 32. Nxc5+ Bxc5 33. Rxc5 Rxa3 $14) 32... Rxa4 {[#]} 33. Rxb6+ $1 {[%mdl 512]} Nxb6 34. Nxc5+ Kxe5 $2 {[%mdl 12288] Endgame [#] KRN-KBN} (34... Kd5 $16 {might work better.} 35. Nxa4 Nxa4) 35. Bc3+ $1 $18 {[%mdl 64] Skewer} ({Not} 35. Nxa4 Nxa4 36. Kd3 Kd6 $14) 35... Kf4 $2 (35... Rd4 $2 36. Nb3 Kd5 37. Bxd4 $18) (35... Kd5 36. Nxa4 Nxa4 37. Bxg7 Nc5) 36. Nxa4 Nxa4 37. Bxg7 {KB-KN} Ke4 38. f3+ Kd5 39. Ke3 {Strongly threatening Kf4.} Nc5 40. Kf4 Ne6+ 41. Kxf5 Nxg7+ 42. Kf6 Ne6 43. g4 {White mates.} hxg4 44. fxg4 Ke4 45. Kxf7 Nd8+ 46. Kf6 {Weighted Error Value: White=0.16 (very precise) /Black=0.58} 1-0

[Event "MPL 47th National Women Chess-ch 2022"]
[Site "Odisha"]
[Date "2022.02.28"]
[Round "6.2"]
[White "Vaishali R"]
[Black "Priyanka, Kumari"]
[Result "1/2-1/2"]
[WhiteElo "2403"]
[BlackElo "1910"]
[Annotator "TA"]
[PlyCount "149"]
[EventDate "2022.02.25"]
[EventCountry "IND"]
[SourceTitle "playchess.com"]
[Source "ChessBase"]
[SourceQuality "1"]

{[%evp 17,149,15,10,0,0,0,0,0,0,0,0,5,21,7,10,0,0,0,0,0,0,0,4,0,0,0,0,-6,0,0,0,0,0,-6,-6,-7,-7,-7,-7,-20,0,0,0,0,0,0,0,0,0,0,0,0,1,0,8,0,0,0,0,0,20,0,0,0,0,0,0,0,0,0,0,0,0,0,0,0,0,0,0,0,0,-150,0,-37,0,0,0,0,0,0,0,-8,-8,-8,-8,-8,0,0,0,0,0,-8,-8,-8,-8,-8,-8,-10,-8,-8,-8,-8,0,0,8,0,0,0,0,0,0,0,0,0,0,0,0,0,0,0,0,0,0,0]} 1. e4 d5 2. exd5 Qxd5 3. Nc3 Qa5 4. d4 Nf6 5. Nf3 c6 6. Bc4 Bf5 7. Bd2 e6 8. Qe2 Bb4 9. O-O-O Nbd7 10. Ne5 {B01: Scandinavian Defence.} (10. a3 $5 {[%cal Ra3b4]} Bxc3 11. Bxc3 $11) 10... Nxe5 11. dxe5 Nd5 {[%cal Rd5c3]} 12. Ne4 Bxe4 13. Qxe4 O-O-O 14. Bxb4 Nxb4 15. a3 Nd5 {[%cal Bb4d5,Bd5e7,Be7f5][%mdl 32] [#]} 16. Bb3 $146 ({Predecessor:} 16. Rd3 Qb6 17. f4 Kb8 18. Rhd1 g6 19. Qd4 Kc7 20. h4 Qxd4 21. Rxd4 Ne3 22. R1d2 Rxd4 23. Rxd4 Nxg2 {0-1 (57) Novik,M (2490)-Tripoteau,N (2295) Playchess.com INT 2005}) 16... Rd7 17. Rd4 h6 18. Rhd1 Rhd8 19. g3 Ne7 {[#] aiming for ...Rxd4.} 20. Rxd7 Rxd7 21. Rxd7 Kxd7 22. f4 Qc5 {...Qg1+ is the strong threat.} 23. Kb1 Nf5 24. c3 h5 25. Ka2 Kc7 26. Qe2 g6 27. Bc2 Ne3 28. Bd3 Qd5+ 29. b3 Qg2 30. Qxg2 Nxg2 $11 {[%mdl 4096] Endgame KB-KN} 31. Kb2 Ne3 32. Be2 Nf5 33. Kc2 h4 34. gxh4 Nxh4 35. Kd3 Kd7 36. Ke4 Ke7 37. b4 b6 38. a4 Kd7 39. Ba6 Nf5 40. Kf3 Ne7 {White must now prevent ...Nd5.} 41. c4 {Prevents Nd5.} Nf5 42. Ke4 c5 43. Bb5+ Ke7 44. bxc5 bxc5 45. a5 Nd4 46. a6 f6 47. Ba4 $1 fxe5 48. fxe5 g5 49. Bd1 {[#]} (49. Ke3 $11) 49... Kf8 (49... Kd8 $1 $17 {Strongly threatening ...Kc7.} 50. Bf3 Nc6) 50. Bg4 Kf7 51. Bh5+ {The position is equal.} Kg7 52. Be8 Nc2 53. Kf3 Nb4 54. Kg4 Nxa6 55. Kxg5 Nb4 $1 56. Kf4 a5 57. Ke3 {Prevents Nd3.} Nc2+ 58. Ke4 Kh6 59. h4 Nd4 60. Kf4 Nf5 61. Kg4 $1 Ne3+ 62. Kf4 Nxc4 63. Bd7 Nb6 64. Bxe6 a4 {Hoping for ...c4.} 65. Ba2 Kh5 66. Kg3 c4 67. e6 Kg6 68. h5+ Kf6 (68... Kxh5 {is a self mate.} 69. e7 Kg5 70. e8=Q Kf6 71. Qc6+ Ke7 72. Qxb6 Kd7 73. Bxc4) 69. h6 {White wants to mate with h7.} Nc8 {And now ...c3 would win.} (69... Kxe6 70. h7 Kd6 71. h8=Q $18) 70. Bxc4 Kg6 71. Kf4 Kxh6 72. Ke5 Kg7 73. Ba2 a3 74. Bb3 Ne7 75. Ba2 {Weighted Error Value: White=0.09 (flawless) /Black=0.05 (flawless)} 1/2-1/2

[Event "MPL 47th National Women Chess-ch 2022"]
[Site "Odisha"]
[Date "2022.02.28"]
[Round "6.3"]
[White "Kulkarni Bhakti"]
[Black "Srija, Seshadri"]
[Result "1-0"]
[WhiteElo "2388"]
[BlackElo "2219"]
[Annotator "TA"]
[PlyCount "69"]
[EventDate "2022.02.25"]
[EventCountry "IND"]
[SourceTitle "playchess.com"]
[Source "ChessBase"]
[SourceQuality "1"]

{[%evp 17,69,0,0,0,17,11,32,0,7,0,0,0,0,10,15,0,0,0,0,0,28,0,175,41,71,39,39,33,43,41,249,238,254,246,318,210,224,216,312,219,547,550,531,535,539,546,583,532,548,560,605,574,1303,1302]} 1. e4 e5 2. Nf3 Nc6 3. Nc3 Nf6 4. d4 exd4 5. Nxd4 Bb4 6. Nxc6 bxc6 7. Bd3 d5 8. exd5 cxd5 9. O-O O-O 10. h3 {C47: Scotch Four Knights and Four Knights with 4 g3.} h6 11. Qf3 Rb8 12. Bf4 {White is slightly better.} Bb7 13. Rad1 Bd6 {[#]} 14. Bxd6 $146 ({Predecessor:} 14. b3 Re8 15. Bxd6 Qxd6 16. Rfe1 {1-0 (16) Polgar,T (2181)-Bashkansky,N (1994) Chess.com INT 2019}) 14... Qxd6 15. Nb5 {[%csl LRa7,LRd6]} Qb6 16. b3 c5 {[%cal Oc5c4] Hoping for ...c4!} 17. Qg3 Rbd8 18. Rfe1 {[%cal Bf1e1,Be1e7,Be7a7][%mdl 32]} d4 19. a4 Kh8 $2 (19... Nd5 $11 {and Black stays safe.}) 20. Na3 ({White must play} 20. Re7 $18) 20... Nh5 21. Qh4 Nf6 22. Re7 {Strongly threatening Nc4.} Qc6 {[%csl Gb7][%cal Rc6g2]} 23. f3 {Black must now prevent Rde1. Active counter play!} Ba8 $2 {Black cannot hold the game after this.} ({Black should try} 23... Qc8 $14) 24. Nc4 {Threatens to win with Ne5.} Qc8 25. Rxa7 Qb8 26. Re7 Nd5 {[#]} 27. Re5 ({And not} 27. Qe4 f5 28. Qh4 Nxe7 29. Qxe7 {[#]} Bxf3 $1 $17 {[%mdl 512]}) 27... Ne3 (27... Kg8 $142 28. Qe4 g6) 28. Re1 {And now Rh5 would win.} Rde8 $2 (28... Bd5 29. Rh5 Rfe8 30. Nxe3 Rxe3) 29. Rh5 $18 {[%cal Oh5h6] Intending Rxh6+! and mate. White is clearly winning.} Re6 30. Nxe3 dxe3 {[#]} 31. Rxe3 $3 {[%mdl 512]} Rf6 (31... Qc7 32. Rxe6) 32. Rhe5 Bc6 33. Qc4 Rc8 34. Qxc5 Bxa4 {[#]} 35. bxa4 $1 {Weighted Error Value: White=0.26 (precise) /Black=0.58} 1-0